2025 NFL Offensive Starters at Trade Deadline - Statistics

General Stats
  • This quiz has been taken 53 times
  • The average score is 155 of 288
Answer Stats
Hint Answer % Correct
QB Jacoby Brissett
92%
RB Emmanuel Wilson
86%
WR Marvin Harrison Jr.
86%
WR Michael Wilson
86%
WR Roman Wilson
86%
RB Aaron Jones
83%
RB Amar Johnson
83%
RB Bijan Robinson
83%
RB Brian Robinson Jr.
83%
QB Daniel Jones
83%
WR DeVonta Smith
83%
QB Geno Smith
83%
TE Jonnu Smith
83%
QB Justin Herbert
83%
TE Juwan Johnson
83%
QB Michael Penix
83%
WR Tez Johnson
83%
TE Theo Johnson
83%
RB Ty Johnson
83%
WR Wan'Dale Robinson
83%
WR Zay Jones
83%
RB Ashton Jeanty
81%
TE Brock Bowers
81%
WR Drake London
81%
QB J.J. McCarthy
81%
QB Josh Allen
81%
WR Keenan Allen
81%
TE Trey McBride
81%
WR A.J. Brown
78%
RB Alvin Kamara
78%
WR Amon-Ra St. Brown
78%
QB Bo Nix
78%
QB Brock Purdy
78%
QB Caleb Williams
78%
RB Chase Brown
78%
RB Christian McCaffrey
78%
QB C.J. Stroud
78%
WR Davante Adams
78%
RB Derrick Henry
78%
RB De'Von Achane
78%
QB Drake Maye
78%
TE Hunter Henry
78%
WR Isiah Williams
78%
QB Jalen Hurts
78%
WR Ja'Marr Chase
78%
RB James Cook
78%
WR Jameson Williams
78%
QB Jared Goff
78%
RB Javonte Williams
78%
QB Joe Flacco
78%
QB Jordan Love
78%
WR Justin Jefferson
78%
RB Kyren Williams
78%
QB Lamar Jackson
78%
TE Mark Andrews
78%
WR Marquis Brown
78%
QB Matthew Stafford
78%
WR Puka Nacua
78%
RB Saquon Barkley
78%
QB Aaron Rodgers
75%
WR CeeDee Lamb
75%
QB Dak Prescott
75%
WR DK Metcalf
75%
TE Elijah Higgins
75%
TE George Kittle
75%
WR Jayden Higgins
75%
WR Jaylen Waddle
75%
WR Jerry Jeudy
75%
RB Jonathan Taylor
75%
WR Jordan Addison
75%
RB Josh Jacobs
75%
QB Justin Fields
75%
TE Kyle Pitts
75%
WR Ladd McConkey
75%
TE Mason Taylor
75%
QB Sam Darnold
75%
WR Stefon Diggs
75%
WR Tee Higgins
75%
QB Tua Tagovailoa
75%
WR Zay Flowers
75%
QB Baker Mayfield
72%
RB Breece Hall
72%
QB Bryce Young
72%
WR Chris Olave
72%
RB Chuba Hubbard
72%
RB D'Andre Swift
72%
WR Darnell Mooney
72%
RB Isiah Pacheco
72%
RB Jahmyr Gibbs
72%
WR Jaxon Smith-Njigba
72%
QB Jaxson Dart
72%
QB Patrick Mahomes
72%
RB Rhamondre Stevenson
72%
WR Rome Odunze
72%
TE Travis Kelce
72%
RB TreVeyon Henderson
72%
QB Trevor Lawrence
72%
QB Tyler Shough
72%
TE Zach Ertz
72%
QB Cam Ward
69%
WR Courtland Sutton
69%
TE Dalton Kincaid
69%
QB Dillon Gabriel
69%
WR DJ Moore
69%
WR George Pickens
69%
RB Kenneth Walker III
69%
RB Nick Chubb
69%
WR Nico Collins
69%
WR Romeo Doubs
69%
WR Terry McLaurin
69%
RB Tony Pollard
69%
RB Travis Etienne Jr.
69%
RB Bucky Irving
67%
TE Cole Kmet
67%
TE Dallas Goedert
67%
TE Dalton Schultz
67%
RB David Montgomery
67%
TE Dawson Knox
67%
RB Jaylen Warren
67%
TE Julian Hill
67%
RB Justice Hill
67%
RB Kareem Hunt
67%
QB Marcus Marriota
67%
TE Michael Mayer
67%
WR Michael Pittman Jr.
67%
RB Quinshon Judkins
67%
RB Rachaad White
67%
WR Tre Tucker
67%
TE Tyler Warren
67%
WR Brian Thomas Jr.
64%
WR Chris Godwin
64%
WR Emeka Egbuka
64%
TE Jake Ferguson
64%
WR Jakobi Meyers
64%
TE Ja'Tavion Sanders
64%
WR Keon Coleman
64%
WR Rashee Rice
64%
RB Rico Dowdle
64%
WR Calvin Ridley
61%
WR Christian Watson
61%
TE Colston Loveland
61%
TE David Njoku
61%
WR Deebo Samuel
61%
WR Jauan Jennings
61%
WR Khalil Shakir
61%
WR Tetairoa McMillan
61%
RB Tyrone Tracy Jr.
61%
WR Xavier Legette
61%
WR Xavier Worthy
61%
WR Alec Pierce
58%
WR Cooper Kupp
58%
WR DeAndre Hopkins
58%
RB Jordan Mason
58%
RB Kenneth Gainwell
58%
WR Matthew Golden
58%
WR Quentin Johnston
58%
WR Rashod Bateman
58%
WR Ricky Pearsall
58%
RB RJ Harvey
58%
RB Tyler Allgeier
58%
RB Zach Charbonnet
58%
RB Devin Singletary
56%
TE Isaiah Likely
56%
RB Kimani Vidal
56%
WR Marvin Mims Jr.
56%
TE Tyler Higbee
56%
TE Evan Engram
53%
RB Jacory Croskey-Merritt
53%
WR Josh Downs
53%
WR Kayshon Boutte
53%
RB Blake Corum
50%
WR Darius Slayton
50%
RB Emari Demercado
50%
RB Raheem Mostert
50%
RB Woody Marks
50%
WR Andrei Iosivas
47%
WR Calvin Austin III
47%
WR Jalen Nailor
47%
RB Kyle Monangai
47%
WR Malik Washington
47%
TE Noah Fant
47%
WR Parker Washington
47%
TE Pat Freiermuth
47%
WR Rashid Shaheed
47%
WR Troy Franklin
47%
RB Bam Knight
44%
TE Chig Okonkwo
44%
WR Christian Kirk
44%
RB Tank Bigsby
44%
TE AJ Barner
42%
RB Dylan Sampson
42%
RB Ollie Gordon II
42%
WR Cedric Tillman
39%
TE Harold Fannin Jr.
39%
WR Mack Hollins
39%
WR Tyler Lockett
39%
WR Adonai Mitchell
36%
TE Cade Otton
36%
RB Isaiah Davis
36%
WR Jahan Dotson
36%
WR Joshua Palmer
36%
WR Kendrick Bourne
36%
TE Oronde Gadsden II
36%
TE Tommy Tremble
36%
RB Tyjae Spears
36%
WR Brandin Cooks
33%
WR Chimere Dike
33%
WR Elic Ayomanor
33%
WR Jalen Coker
33%
TE Luke Musgrave
31%
TE Noah Gray
31%
RB Samaje Perine
31%
TE Austin Hooper
28%
Arizona Cardinals | Atlanta Falcons | Baltimore Ravens | +29 others Player
28%
TE Daniel Bellinger
28%
RB Jaydon Blue
28%
TE T.J. Hockensen
28%
TE Colby Parkinson
25%
RB Devin Neal
25%
WR Jack Bech
25%
WR Kalif Raymond
25%
TE Luke Schoonmaker
25%
TE Mo Alie-Cox
25%
WR Olamide Zaccheaus
25%
TE Brock Wright
22%
WR Devauhgn Vele
19%
TE Elijah Arroyo
19%
TE Grant Calcaterra
19%
TE Greg Dulcich
19%
RB Jeremy McNichols
19%
TE Josh Oliver
19%
TE Cade Stover
17%
TE Drew Sample
17%
TE Foster Moreau
17%
WR John Metchie III
17%
WR Ryan Flournoy
17%
WR Treylon Burks
17%
WR Isaiah Bond
14%
TE Johnny Mundt
14%
RB Tyler Goodson
14%
TE Charlie Woerner
11%
TE Gunnar Helm
11%
TE John FitzPatrick
11%
TE Luke Farrell
11%
WR Nick Westbrook-Ikhine
11%
RB Tyler Baddie
11%
WR Gunner Olszewski
8%
TE Hunter Long
8%
TE Jeremy Ruckert
8%
TE John Bates
8%
WR Jordan Whittington
8%
TE Nate Adkins
6%
TE Payne Durham
6%
WR David Sills
3%
TE Ross Dwelley
0%
TE Tucker Fisk
0%
No matching quizzes found
Score Distribution
Percent of People with Each Score
Percentile by Number Answered
Your Score History
You have not taken this quiz